000 00328nam a22001337a 4500
008 170927b xxu||||| |||| 00| 0 eng d
020 _a9780070510470
041 _aeng
080 _a37
100 _a46
101 _aEDU
245 _aORAGNIZING AND MANAGING CLASSROOM LEARNING COMMUNITIES
_cPUTNAM.J
942 _2udc
_cBK
999 _c30136
_d30136